| 000 | 00661nam a22002172 4500 | ||
|---|---|---|---|
| 001 | 0000012849 | ||
| 005 | 20151217152115.0 | ||
| 008 | 090323s xx 000 0 eng d | ||
| 020 | _a2831704731 : | ||
| 040 |
_aKABU _cKABU |
||
| 245 | 1 | 0 |
_aTenure and sustainable use / _cJames Oglethorpe, editor. |
| 250 | _a1st ed. | ||
| 260 |
_aCambridge, UK. : _bIUCN, _c1999. |
||
| 300 | _ax, 181 p. | ||
| 650 | 0 |
_aLand tenure _xCongresses. _@0000169806 |
|
| 650 | 0 |
_aSustainable development _vCongresses. _@0000158886 |
|
| 700 | 1 |
_aOglethorpe, James. _@0000169807 |
|
| 852 | 1 | _9p500 KES | |
| 908 | _a090323 | ||
| 950 | _@1 | ||
| 999 |
_c8353 _d8353 |
||